Real People - Sudden Death #2 (U.S.) - Statistics

General Stats
  • This quiz has been taken 80,224 times
    72,068 since last reset
  • The average score is 8 of 25
Answers on the Grid
Answers color-coded by a green-red scale on the quiz's grid according to % correct below.
Betsy Ross
Betty Boop
Betty Crocker
Billy the Kid
Blackbeard
Bonnie & Clyde
Brigham Young
Buffalo Bill Cody
Butch Cassidy
Captain Ahab
Colonel Sanders
Crazy Horse
Daniel Boone
Davy Crockett
Doc Holliday
Erin Brockovich
Evel Knievel
Ferris Bueller
Forrest Gump
Fred Rogers
Geronimo
Hannibal Lecter
Harriet Tubman
Harry Houdini
Hester Prynne
Jason Bourne
Jay Gatsby
Jerry Seinfeld
Jimmy Hoffa
Juan Valdez
Orville Redenbacher
P. T. Barnum
Pancho Villa
Paul Bunyan
Paul Revere
Perry Mason
Scarlett O’Hara
Squanto
Uncle Sam
Vito Corleone
 
Answer Stats
Answer % Correct
Bonnie & Clyde
55%
Betsy Ross
51%
Harry Houdini
51%
Billy the Kid
50%
Blackbeard
49%
Harriet Tubman
41%
Evel Knievel
39%
Colonel Sanders
37%
Geronimo
37%
Jerry Seinfeld
37%
Davy Crockett
34%
Brigham Young
33%
Crazy Horse
33%
Buffalo Bill Cody
31%
Butch Cassidy
31%
Jimmy Hoffa
30%
P. T. Barnum
30%
Daniel Boone
29%
Erin Brockovich
29%
Paul Revere
29%
Fred Rogers
23%
Pancho Villa
22%
Doc Holliday
18%
Orville Redenbacher
16%
Squanto
13%
No matching quizzes found
Score Distribution
Percent of People with Each Score
Percentile by Number Answered
Your Score History
You have not taken this quiz since the last reset